| 000 | 00533nam a22001937a 4500 | ||
|---|---|---|---|
| 003 | OSt | ||
| 005 | 20260511112725.0 | ||
| 008 | 260511b |||||||| |||| 00| 0 eng d | ||
| 020 | _a9781529419474 | ||
| 040 |
_aKenya National Library Service _erda |
||
| 082 | _a813.6 SER | ||
| 100 |
_aSerle, Rebecca _eauthor |
||
| 245 |
_aOne Italian summer / _cRebecca Serle |
||
| 300 |
_a253 pages ; _c24 cm. |
||
| 650 |
_aGrief _vFiction |
||
| 942 |
_2ddc _cBK _n0 |
||
| 999 |
_c492656 _d492656 |
||